Statistiques concernant Stade Français ou Stade Toulousain ?

Cliquez ici pour prendre le quiz!

Statistiques générales

  • Ce quiz a été pris 164 fois
  • Le résultat moyen est 15 sur 20

Statistiques - réponses

QuestionRéponse% Correct
Sergio ParisseStade Français
94%
Emile NtamackStade Toulousain
94%
Thierry DusautoirStade Toulousain
92%
Christophe DominiciStade Français
91%
Frédéric MichalakStade Toulousain
86%
Guy NovèsStade Toulousain
86%
Gaël FickouLes deux
84%
Fabien PelousStade Toulousain
82%
Diego DominguezStade Français
81%
Pascal PapéStade Français
81%
Yohan MaestriLes deux
76%
Thomas LombardStade Français
75%
Cédric HeymansStade Toulousain
72%
David AuradouStade Français
66%
David SkrelaLes deux
63%
Lionel BeauxisLes deux
61%
Jérome CazalbouStade Toulousain
60%
Nicolas BézyLes deux
41%
Shaun SowerbyLes deux
36%
Byron KelleherLes deux
34%

Distribution des résultats

Percentile par nombre de réponses

% des personnes avec chaque résultat

Votre développement - résultats

Vous n’avez pas pris ce quiz